| 000 | 00662nam a2200241 a 4500 | ||
|---|---|---|---|
| 001 | 49716 | ||
| 003 | BD-RJUL | ||
| 005 | 20211209054722.0 | ||
| 008 | 160822s1953 enk 001 0 eng | ||
| 035 | _a(BD-RJUL)49836 | ||
| 040 |
_aDLC _cDLC _dUKM _dBD-RJUL _beng |
||
| 041 | _aeng | ||
| 082 |
_a370.15 _223 _bHAH 1955 |
||
| 100 | 1 | 0 |
_aHavighurst, Robert J. _9149053 |
| 245 | 1 | 0 | _aHuman development and education / |
| 250 | _a1st ed. | ||
| 260 |
_aLondon : _bLongmans, Green, _cc1953 [reprinted 1955] |
||
| 300 |
_aix, 338 p. ; _c21 cm. |
||
| 500 | _aInclude index | ||
| 650 | 0 |
_aEducational psychology. _9149054 |
|
| 942 |
_2ddc _cBK |
||
| 999 |
_c49716 _d49716 |
||